00569 a2200169 4500010001400000020002600014035001300040037001600053082001300069100002500082245009800107260004500205270005400250300002900304500005000333700001600383 aENG-90028 a9788120334861c275.00 aEN-73561 bDBAD / PUB14a658.40921 aVan Wart, Montgomery1 aLeadership in public organizations:cby Montgomery Van Wart with Paul Suinoban introduction/ aNew DelhibPrentice-Hall of Indiac2008 aM-97, Connaught CircusbNew DelhicDelhie110001 axi, 322p.c25 cm ( Pbk.) aIncludes bibliographical references & index. aSuino, Paul